Statistics for Alliterative US-Places A-Z

Click here to take the quiz!

General Stats

  • This quiz has been taken 58 times
  • The average score is 6 of 21

Answer Stats

LetterStateest. PopulationPlace% Correct
AMichigan121.000Ann A{rbor}
91%
CTexas326.000Corpus C{hristi}
87%
WWashington60.000Walla W{alla}
62%
NVirginia178.000N{ewport} News
51%
GCalifornia172.000G{arden} Grove
43%
RTexas128.000R{ound} Rock
26%
KColorado32.000K{en} Caryl
25%
PFlorida172.000P{embroke} Pines
25%
BFlorida78.000B{oynton} Beach
23%
EArkansas7.000East E{nd}
21%
VCalifornia11.000V{alle} Vista
21%
SGeorgia108.000S{andy} Springs
15%
DSouth Dakota2.500Dakota D{unes}
13%
HOhio38.000H{uber} Heights
11%
FMinnesota13.800F{ergus} Falls
9%
LFlorida36.000L{auderdale} Lakes
8%
TFlorida26.000Temple T{errace}
6%
JIowa1.200J{ewell} Junction
4%
MMaryland29.000M{ilford} Mill
4%
OWashington6.200Otis O{rchards}-East Farms
4%
UPennsylvania11.000Upper U{wchlan}
4%

Score Distribution

Percentile by Number Answered

Percent of People with Each Score

Your Score History

You have not taken this quiz